00371nam a22001097a 4500082000800000100001500008245010900023260003600132300002400168650003800192700003100230 a004 aAthar, Ali aA novel classifiers ensemble approach to improve performance of sentimental classification /cAli Athar. aIslamabad:bCEME - NUST,c2017. a68 p.: ill.;c30cm. aSoftware Engineering - MS Theses. aSup: Dr. Wasi Haider Butt.